000 00834nam a2200193Ia 4500
003 GCL
008 140319s9999 xx 000 0 ara d
040 _aGCL /
_cGCL
082 0 4 _a345
_bث م
100 1 _aثروة محجوب
245 1 0 _aالموسوعة الذهبية لقانون العقوبات طبقا للمبادئ التى قررتها المحكمة الدستورية العليا ومحكمة النقض منذ انشائهما وحتى عام 2005 /
_cثروة محجوب
250 _aالاولى
260 _aالقاهرة :
_bالمركز المصرى للبحوث والمراجع ،
_c2006
300 _a3 مج ؛
_c24 سم
650 0 4 _aقانون العقوبات - مصر
650 0 4 _aالقانون الجنائى - مصر
650 0 4 _aالقانون الجنائى - قضايا
942 _2ddc
_cBK
999 _c8611
_d8611